LEADER 02214nam 2200325z- 450 001 9910563084803321 005 20251116142952.0 035 $a(CKB)5580000000302204 035 $a(oapen)https://directory.doabooks.org/handle/20.500.12854/80776 035 $a(EXLCZ)995580000000302204 100 $a20202204d2019 |y 0 101 0 $apor 135 $aurmn|---annan 181 $ctxt$2rdacontent 182 $cc$2rdamedia 183 $acr$2rdacarrier 200 10$aBiopolítica, deficiência e educação$eoutros olhares sobre a inclusão escolar 210 $cSciELO Books - Editora UNESP$d2019 215 $a1 electronic resource (173 p.) 311 08$a85-9546-333-6 330 $aAo abordar os modos deficientes de existência sob a ótica da biopolítica, este livro procura encontrar na fragilidade desses corpos uma potencialidade a ser cultivada na escola. Objetiva com isso propor aos leitores uma reflexão sobre sua relação com esse outro e evocar dessa forma um posicionamento ético nos jogos atuais do biopoder. Para tanto, o autor analisa a passagem da deficiência como condição a ser evitada à paradigma da biopolítica neoliberal, engendrando processos de identidade e de subjetivação que estão no centro das atuais políticas de inclusão. Discute também os efeitos desses processos para a chamada inclusão escolar, sugerindo como estão presos a um olhar científico e a tecnologias de biopoder que subtraem o ethos do ser deficiente para subordiná-los a regulamentações predeterminadas e a uma governamentalidade identitária. Por fim, interessado na decifração da particularidade desses modos de existência, Pedro Angelo Pagni interpreta a radicalidade ontológica da deficiência, elucidando sua relação com os acidentes e seu potencial para agenciar outros olhares sobre a inclusão na escola. 606 $aInclusive education / mainstreaming$2bicssc 610 $aEducational strategies and policy: inclusion 615 7$aInclusive education / mainstreaming 676 $a082 700 $aPagni$b Pedro Angelo$4auth$01233598 906 $aBOOK 912 $a9910563084803321 996 $aBiopolítica, deficiência e educação$92865184 997 $aUNINA LEADER 01587nas 2200505 c 450 001 9910894578703321 005 20260218110553.0 035 $a(CKB)3790000000115324 035 $a(OCoLC)643391100 035 $a(DE-101)998039829 035 $a(DE-599)ZDB2524661-6 035 $a(DE-599)2524661-6 035 $a(EXLCZ)993790000000115324 100 $a20091111b20042016 |y | 101 0 $ager 135 $aur||||||||||| 181 $ctxt$2rdacontent 182 $cc$2rdamedia 183 $acr$2rdacarrier 200 10$aFITG-Journal$eIndustrie- und Technikgeschichte in Frankfurt und der Rhein-Main-Region ; Zeitschrift des Förderkreises Industrie- und Technikgeschichte e.V 210 31$aFrankfurt, Main$d2004-2016 215 $aOnline-Ressource 300 $aGesehen am 02. Februar 2017 311 08$a1613-5008 517 $aFITG-Journal 606 $aIndustrie$3(DE-588)4026779-9$3https://d-nb.info/gnd/4026779-9$3(DE-101)040267792$2gnd 606 $aTechnik$3(DE-588)4059205-4$3https://d-nb.info/gnd/4059205-4$3(DE-101)040592057$2gnd 607 $aRhein-Main-Gebiet$2gnd 607 $aRhein-Main-Gebiet$2gnd 608 $aZeitschrift$2gnd-content 608 $aZeitschrift$2gnd 608 $aOnline-Publikation$2gnd 608 $aZeitschrift$2gnd 608 $aOnline-Publikation$2gnd 615 7$aIndustrie. 615 7$aTechnik. 676 $a600 686 $a19,2$2ssgn 801 0$b0019 801 1$bDE-101 801 2$b9999 906 $aJOURNAL 912 $a9910894578703321 996 $aFITG-Journal$94256166 997 $aUNINA